| 000 | 01540cam a22004454a 4500 | ||
|---|---|---|---|
| 001 | muse8791 | ||
| 003 | MdBmJHUP | ||
| 005 | 20210127150917.0 | ||
| 006 | m o d | ||
| 007 | cr||||||||nn|n | ||
| 008 | 911211s1991 onc o 00 0 eng d | ||
| 010 | _z 91226075 | ||
| 020 | _a9780776617411 | ||
| 020 | _a0776617419 | ||
| 020 | _z0776603264 | ||
| 020 | _z9780776603261 | ||
| 035 | _a(OCoLC)181843578 | ||
| 040 |
_aMdBmJHUP _cMdBmJHUP |
||
| 050 | 0 | 4 |
_aPR9199.2.M65 _bV65 1991 |
| 082 | 0 |
_a813/.3 _220 |
|
| 100 | 1 |
_aMoodie, Susanna, _d1803-1885. |
|
| 245 | 1 | 0 |
_aVoyages _bShort Narratives of Susanna Moodie / _cedited by John Thurston. |
| 264 | 1 | _bUniversity of Ottawa Press, | |
| 264 | 3 | _bProject MUSE, | |
| 300 | _a1 online resource (xxix, 256 p.) | ||
| 506 | 0 |
_aOpen Access _fUnrestricted online access _2star |
|
| 588 | _aDescription based on print version record. | ||
| 651 | 0 |
_aCanada _xSocial life and customs _xFiction. |
|
| 655 | 7 |
_aElectronic books. _2local |
|
| 700 | 1 |
_aThurston, John Harry, _d1955- |
|
| 710 | 2 |
_aProject Muse. _edistributor |
|
| 830 | 0 | _aBook collections on Project MUSE. | |
| 856 | 4 | 0 |
_zFull text available: _uhttps://muse.jhu.edu/book/6619/ |
| 945 | _aProject MUSE - Archive Poetry, Fiction and Creative Non-Fiction Foundation | ||
| 945 | _aProject MUSE - Archive Complete Foundation | ||
| 999 |
_c23927 _d23927 |
||